00667 2200241 4500001002100000005001500021035002000036245008400056100002400140250000600164300003500170700001900205260004900224082000800273084001400281020002200295650002300317990001700340990001700357990001700374990001700391990001700408INLIS00000000000019620180911122032 a0010-09180000501 aKarangan Fiksi dan Non Fiksi /cErmina Krismarsanti; Ilustrator, Rahmat Isnaini0 aErmina Krismarsanti a- aiv, 52 hlm. :bilus. ;c21 cm.0 aRahmat Isnaini aSurabaya :bPT Jepe Press Media Utama,c2009 a801 a801 ERM k a978-602-8567-10-7 aTeori Kesusastraan a00838/P/2018 a00839/P/2018 a00840/P/2018 a00841/P/2018 a00842/P/2018